000 01160nam a2200205 a 4500
001 80963
003 BD-RjUL
005 20221213105147.0
008 221213s195? su 000 0 ara d
035 _a(BD-RjUL)80963
040 _aBIC
_beng
_cBD-RjUL
041 _aara
082 _223
_a297
_bIBK 195?
100 1 _aابن عبد الوهاب، محمد بن سليمان التميمي النجدي ،Ibn Abd al-Wahhab, Muhammad bin Suleiman al-Tamimi al-Najdi,
_d1115-1206 هجري[1703-1792].
_96308
245 1 0 _aكتاب فضل الاسلام /kitab fadl alaslam /
_cتاليف: محمد بن عبدالوهاب ؛ قام بمراجعة نصوصه في اصولها وبالتعليق عليه اسماعيل بن محمد الانصاري، عبدالله بن عبداللطيف ال الشيخ.talif: muhamad bin eabdalwahaab ; qam bimurajaeat nususih fi asuliha wabialtaeliq ealayh aismaeil bin muhamad alainisary, eabdallah bin eabdallatif al alshaykh.
260 _aالرياض :
_bمكتبة المعارف,
_c[د.ت].
300 _a23 ص. ;
_c24 سم.
650 7 _aThe virtue of Islam فضل الاسلام
_96309
942 _2ddc
_cBK
999 _c80963
_d80963